01698 2200493 4500001002100000005001500021035002000036008004100056245006500097100001500162250000600177260003100183300003100214020002200245084001400267520060500281082000800886650001000894990001200904990001200916990001200928990001200940990001200952990001200964990001200976990001200988990001201000990001201012990001201024990001201036990001201048990001201060990001201072990001201084990001201096990001201108990001201120990001201132990001201144990001201156990001201168990001201180990001201192INLIS00000000000008620240502104446 a0010-0424000062240502 1 ind 1 aDikatakan Atau Tidak Dikatakan, Itu Tetap Cinta /cTere Liye aLiye, Tere a1 aJakarta :bGramedia,c2017 a104 hlm ;c12,5 cm x 19 cm a978-602-03-3283-3 a813 TER d a"Kumpulan 24 sajak dengan ilustrasi terbaik dari Tere Liye. Sajak tentang memiliki, pun tentang melepaskan. Sajak tentang pertemuan, juga tentang perpisahan. Sajak tentang kebahagiaan, juga tentang kesedihan. Tambahkan pula sajak bergurau, bercanda dengan perasaan. Para pencinta adalah pujangga terbaik yang pernah ada. Dan kasih sayang pun adalah sumber inspirasi paling deras yang pernah ada. Hadiahkan sajak-sajak ini untuk orang yang paling kita sayangi. Agar mereka paham tentang perasaan, Karena sungguh: Dikatakan atau tidak dikatakan, itu tetap cinta" #bukugramedia #bukularis #noveltereliye a813 4aFiksi a0732589 a0732590 a0732591 a0732592 a0732593 a0732594 a0732595 a0732596 a0732597 a0732598 a0732599 a0732600 a0732601 a0732602 a0732603 a0732604 a0732605 a0732606 a0732607 a0732608 a0732609 a0732610 a0732611 a0732612 a0732613